Science Quiz

Random Science Quiz
Score 0/7 Timer 10:00
0 Plays Today
Hint Answer % Correct
Na+136-145
94.4%
K+3.5-5.0
77.8%
Cl-100-106
66.7%
Glucose60-100
66.7%
BUN8-25
66.7%
HCO3-22-26
61.1%
Cr.8-1.2
61.1%
Remove Ads.
Support Sporcle.
Get the best of Sporcle when you Go Orange. This ad-free experience offers more features, more stats, and more fun while also helping to support Sporcle. Thank you for becoming a member.

You're not logged in!

Compare scores with friends on all Sporcle quizzes.
OR
Log In

Show Comments

Extras

Created Jan 22, 2015ReportNominate
Tags:range

Top Quizzes Today


Score Distribution

Your Account Isn't Verified!

In order to create a playlist on Sporcle, you need to verify the email address you used during registration. Go to your Sporcle Settings to finish the process.

Report this User

Report this user for behavior that violates our Community Guidelines.

Details: